Stati per esportazioni di Rame - Statistics

Statistiche generali
  • Questo quiz è stato fatto 4 volte
  • Il punteggio medio è 6 su 10
Statistiche sulle risposte
Esportazioni (milioni $) Continente Nazione % Corretto
15 549 America del Sud Cile
100%
1 867 Asia Cina
100%
2 377 Oceania Australia
67%
1 846 America del Sud Perù
67%
4 476 Asia / Europa Russia
67%
4 125 Asia Giappone
33%
2 802 Asia / Europa Kazakistan
33%
2 046 Africa Repubblica del Congo
33%
3 629 Africa Repubblica Democratica del Congo
33%
3 060 Africa Zambia
33%
Nessun quiz corrispondente trovato
Distribuzione punteggi
Percentuale di utenti per punteggio
Percentile per numero di risposta
I tuoi punteggi nel tempo
Non hai fatto questo quiz